00482 a2200169 4500003000500000005001700005010001700022020003100039040000900070082001700079245008600096260003400182300004200216650002300258651001100281700002000292Nust20170207154049.0 a 2008045866 a9780826137937 (alk. paper) cNust00a616.85/2700304aThe international encyclopedia of depression(E-BOOK)c[edited by] Rick E. Ingram. aNew York :bSpringer,cc2009. axxv, 613 p. :bill., ports. ;c26 cm. 0aDepression, Mental aE-BOOK1 aIngram, Rick E.